000 00627nam a2200229Ia 4500
003 OSt
005 20220925232145.0
006 a|||||r|||| 00| 0
007 ta
008 220923b |||||||| |||| 00| 0 eng d
037 _cGeneral Book
040 _aRTL
_cRTL
_beng
041 _2eng
_aeng
082 _aX:3L, L2
100 _aPapandreou Andreas G
_9296790
245 0 _aPaternalistic capitalism
260 _aMinneapolis
_bUniversity of Minnesota
_c1972
300 _aviii, 190p
_ccm.
650 _aWages
_9229845
942 _hX:3L, L2
_cGB
_2CC
999 _c590473
_d590473